Missing Word: Literary Characters A-Z Quiz Stats

 Plays Quiz Updated Aug 2, 2014

Support Sporcle.
Go Orange.
Score 0/26 Timer 03:00
0 Plays Today
Hint Answer % Correct
____ Bond - Casino RoyaleJames
97.3%
Sherlock ____ - A Study in ScarletHolmes
96.4%
Atticus ____ - To Kill a MockingbirdFinch
92.3%
____ O'Hara - Gone with the WindScarlett
88.1%
Captain ____ - Twenty Thousand Leagues Under the SeaNemo
83.9%
The Artful ____ - Oliver TwistDodger
82.1%
____ - The Hunchback of Notre-DameQuasimodo
80%
Holly ____ - Breakfast at Tiffany'sGolightly
74.4%
____ - Moby-DickIshmael
67.5%
____ Heep - David CopperfieldUriah
66.2%
Jo ____ - Little WomenMarch
60.1%
____ Bennet - Pride and PrejudiceElizabeth
55.2%
____ - HamletOphelia
54.1%
Hint Answer % Correct
Jack ____ - The ShiningTorrance
44.3%
____ Bateman - American PsychoPatrick
42.5%
Nurse ____ - One Flew Over the Cuckoo's NestRatched
36.1%
____ Baudelaire - A Series of Unfortunate EventsViolet
33.3%
____ Lovegood - Harry PotterXenophilius
32.4%
____ Bloom - UlyssesLeopold
31.9%
____ - Catch-22Yossarian
31.4%
____ Smith - 1984Winston
31.1%
____ - A Clockwork OrangeAlex
30.9%
____ - Heart of DarknessKurtz
21.6%
____ Beeblebrox - The Hitchhiker's Guide to the GalaxyZaphod
19%
Pecola ____ - The Bluest EyeBreedlove
3.5%
Janie ____ - Their Eyes Were Watching GodCrawford
3.1%

Today's Daily Dose

You're not logged in!

Compare scores with friends on all Sporcle quizzes.
OR
Log In

From the Vault

Find the 'New' States

by mhershfield

Because what state would want to be called 'Old'?
Remove Ads.
Support Sporcle.
Get the best of Sporcle when you Go Orange. This ad-free experience offers more features, more stats, and more fun while also helping to support Sporcle. Thank you for becoming a member.

Show Comments

Extras

Top Quizzes Today


Score Distribution

Your Account Isn't Verified!

In order to create a playlist on Sporcle, you need to verify the email address you used during registration. Go to your Sporcle Settings to finish the process.

Report this User

Report this user for behavior that violates our Community Guidelines.

Details: